Time and eternity

Gorde:
Xehetasun bibliografikoak
Egile nagusia: Hatano, Seiichi
Formatua: Liburua
Hizkuntza:Undetermined
Argitaratua: Japanaese Government Printing Bureau 1963
Gaiak:
Etiketak: Etiketa erantsi
Etiketarik gabe, Izan zaitez lehena erregistro honi etiketa jartzen!
Thư viện lưu trữ: Trung tâm Học liệu Trường Đại học Cần Thơ
LEADER 00465nam a2200181Ia 4500
001 CTU_115288
008 210402s9999 xx 000 0 und d
082 |a 115 
082 |b H364 
100 |a Hatano, Seiichi 
245 0 |a Time and eternity 
245 0 |c Seiichi Hatano 
260 |a Japanaese Government 
260 |b Printing Bureau 
260 |c 1963 
650 |a Time,Eternity 
904 |i Giang 
980 |a Trung tâm Học liệu Trường Đại học Cần Thơ